Statistics for Roblox Doors Achievements

Click here to take the quiz!

General Stats

  • This quiz has been taken 33 times
  • The average score is 20 of 42

Answer Stats

DescriptionHow to get itName% Correct
Enjoy your stay!Join the game for the first time.Welcome
95%
Are you enjoying your stay?Join the game one day or more after
your first visit.
Welcome Back
74%
Play a run with a friend.Play a round with at least one friend.Buddy System
63%
You're just getting started.Die for the first time.One Of Many
63%
I can't feel my legs.Reach A-1000 in The Rooms.A-1000 (or ???)
58%
I have unfinished business.Use a Revive.Back From The Dead
58%
That's more like it!Die a hundred times.Hundred Of Many
58%
Coming back for seconds!Survive an attack from Ambush.Rebound
58%
You'll get used to it.Die ten times.Ten Of Many
58%
That sucked... but hey, check out this cool flashlight!Exit the Rooms after A-200Back On Track
53%
And stay out!Hide in a closet for too long.Eviction Notice
53%
Could you not be yourself for five minutes?!Crucify ScreechI Hate You
53%
I'm walkin' here!Survive an attack from Rush.Out Of My Way
53%
But you can't.. um... uhm... uhh....Survive an attack from Seek.You Can Run
53%
I figured that wouldn't work for long...(unsuccessfully) Crucify FigureAll Figured Out
47%
Dibs!Steal a closet from another player
by entering it before them during a
Rush/Ambush attack.
Betrayal
47%
I think I'm lost.Enter The RoomsDetour
47%
Well that just happened.Encounter Glitch.Error
47%
My heart beats stronger...Use the Green Herb in the infirmary
room.
Herb Of Viridis
47%
This is just the beginning.Escape the hotel.Rock Bottom
47%
And one step back.Survive an attack from Halt.Two Steps Forward
47%
Enjoy, future me!Place an item in the Rift in Door 100.Interconnected
42%
Peek-a-boo!Survive an attack from Screech.I See You
42%
Ooga booga!Find Jack in a closet.Meet Jack
42%
Hello there little spider!Find Timothy in a drawer.Meet Timothy
42%
The duper becomes... the dupee.Crucify DupeOutwitted
42%
Now I can go to college!Fill up Jeff's donation jarPls Donate
42%
That was a weird dream.Beat Super Hard Mode from
April Fools 2023
Survival The Jeff The Killer
42%
Sit down for a moment.(unsuccessfully) Crucify Seek.Take A Breather
42%
I don't feel like dealing with you.Crucify HaltTwo Steps Ahead
42%
Shut up, thanks.Crucify Ambush.Unbound
42%
Well this is awkward...Encounter Dupe behind a fake door.Wrong Room
42%
Join the LSPLASH group and get
a free revive!
Join the group called "LSPLASH".Group Member
37%
Quick, behind that conveniently shaped
lamp!
Hide from Rush/Ambush without a
closet/bed.
In Plain Sight
37%
Guys, wait up!!!Encounter Void by being left behind.It Stares Back
37%
Last chance to look at me.Survive an attack from Eyes.Look At Me
37%
Careful not to make a sound!Get past Door 50Sshh!
37%
I'm the one for the job.Complete the Door 100 breaker
puzzle in under a minute
Expert Technician
32%
I banish thee!Crucify an entity.Evil Be Gone
26%
Thank you, come again!Buy an item from Jeff in Room 51.Supporting Small Businesses
26%
You're not that guy, pal.Crucify Rush.Stay Out Of My Way
21%
That probably wasn't the best use of one of those.Crucify EyesYou Can't See Me
21%

Score Distribution

Percentile by Number Answered

Percent of People with Each Score

Your Score History

You have not taken this quiz